000 00877nam a2200301Ia 4500
001 86899
003 IT-RoPAU
008 130308s9999 xx 000 0 und d
040 _aIT-RoPAU
040 _cIT-RoPAU
041 _aITALIANO
100 _aZola Luciano
100 _gCodice Aut. SPICS: 3317
245 _aStampa della carta e degli accoppiati quale elemento di estetica negli imballaggi (La)
245 _bEnciclopedia della Stampa-Aggiornamento N.20: Miscellanea
250 _a1a ed.
260 _aTORINO
260 _bSEI
260 _c1973 [1° Ed.:1973 - Ed.Ling.Originale:1972]
300 _a"4 p. (prefazione: no ; testo: 4 [pagine: 198-201])"
500 _aStampa rotocalco Stampa Litografica
650 _aENCICLOPEDIE SULL'EDITORIA
650 _eCodice materia Spics: 6601
942 _cBK
957 _71
999 _c49396
_d49396
999 _bSI
999 _g1